| 000 | 00505nam a2200193Ia 4500 | ||
|---|---|---|---|
| 003 | GCL | ||
| 008 | 140319s9999 xx 000 0 eng d | ||
| 040 |
_aGCL / _cGCL |
||
| 082 | 0 | 4 |
_aCC _b050.941 _bC B |
| 100 | 1 | _aCHARALAMBIA COQUIN | |
| 245 | 1 | 0 |
_aBIBLIOTHEQUE D'ETUDES COPTES, ANNUAL, TOME 11,1974 / _cCHARALAMBIA COQUIN |
| 260 |
_a[S.N] : _bI.F.A.O ، _c1974 |
||
| 300 | _a218 P P | ||
| 650 | 0 | 4 | _aEGYPT |
| 650 | 0 | 4 | _aPERIODICALS |
| 650 | 0 | 4 | _aBIBLIOGRAPHIES |
| 650 | 0 | 4 | _aCOPTS |
| 942 |
_2ddc _cBK |
||
| 999 |
_c17610 _d17610 |
||